000 004570000a22001810004500
003 MACL
005 20151023105736.0
008 151023b xxu||||| |||| 00| 0 eng d
040 _aMACL
_cMACL
041 _aEnglish
082 _a954/CHA
100 _aShahid, Amin
_916338
245 _aMetaphor Memory
_bChauri Chaura 1922-1992
260 _bOxford University Press
_c1996
_aNew Delhi
350 _a150
650 _aHistory
_916339
942 _cBK
_k954
_2ddc
999 _c2833
_d2833